• 首页
  • 本馆介绍
  • 公告通知
  • 最新文献
  • 馆藏检索
  • 电子资源
  • 读者导购
  • 参考咨询
  • 我的图书馆
  • 登录
  • 详细信息显示
  • 放入我的书架
  • 预约/预借图书
  • 作者相关作品
  • 分类相关作品
  • 丛书相关作品
  • 出版社相关作品

书目信息

  • 表格格式
  • 工作单格式
  • 卡片格式
题名:
反垄断民事证据制度研究
    
 
作者: 赵栋 著
分册:  
出版信息: 北京   中国政法大学出版社  2014.02
页数: 276页
开本: 21cm
丛书名:
单 册:
中图分类: D922.294.4
科图分类:
主题词: 反垄断法--民事诉讼--证据--制度--研究--中国 , 反垄断法 , 民事诉讼 , 证据
电子资源:
ISBN: 978-7-5620-5279-1
000 01042nam0 2200289 450
001 519
005 20140908081747.54
010    @a978-7-5620-5279-1@dCNY32.00
100    @a20140416d2014 kemy0chiy0110 ea
101 0  @achi@deng
102    @aCN@b110000
105    @ay v 000yy
106    @ar
200 1  @a反垄断民事证据制度研究@AFan Long Duan Min Shi Zheng Ju Zhi Du Yan Jiu@dResearch on civil anti-monopoly evidence system@f赵栋著@FZhao Dong Zhu@zeng
210    @a北京@c中国政法大学出版社@d2014.02
215    @a276页@d21cm
330    @a本书共分为七章,主要内容包括:反垄断民事证据制度的意义、反垄断民事诉讼中的证据及运用研究、反垄断民事诉讼的举证责任分配制度研究等。
333    @a法律相关研究人员
510 1  @aResearch on civil anti-monopoly evidence system@zeng
606 0  @a反垄断法@x民事诉讼@x证据@x制度@x研究@y中国
606 0  @a反垄断法
606 0  @a民事诉讼
606 0  @a证据
690    @aD922.294.4@v5
701  0 @a赵栋@AZhao Dong@4著
801  0 @aCN@bTANGWEI@c20140715
905    @b0838198-200@dD922.294.4@e1128@f3
    
    反垄断民事证据制度研究=Research on civil anti-monopoly evidence system/赵栋著.-北京:中国政法大学出版社,2014.02
    276页;21cm
    使用对象:法律相关研究人员
    
    ISBN 978-7-5620-5279-1:CNY32.00
    本书共分为七章,主要内容包括:反垄断民事证据制度的意义、反垄断民事诉讼中的证据及运用研究、反垄断民事诉讼的举证责任分配制度研究等。
●
相关链接 在E读中查询图书 在五车中查询图书 在当当中查询图书 在豆瓣中查询图书


正题名:反垄断民事证据制度研究     索取号:D922.294.4/1128         预约/预借

序号 登录号 条形码 馆藏地/架位号 状态 备注
1 0838198   208381981   第一样本阅览室/ [索取号:D922.294.4/1128] 在馆    
2 0838199   208381990   密集书库-史法系/ [索取号:D922.294.4/1128] 在馆    
3 0838200   208382007   第一借阅区/ [索取号:D922.294.4/1128] 在馆    
唐山师范学院图书馆 欢迎您!
大连网信软件有限公司© 版权所有